000 00730nam a22001937a 4500
008 151024b xxu||||| |||| 00| 0 eng d
020 _a978-971-550-594-9
082 _aDFil 155
_bOr8p
_22009
100 _9187
_aOrtigas, Carmela D.
245 _aPsychology of transformation:
_bthe Philippine perspective: philosophy, theory and practice/
_cCarmela D. Ortigas with Josephine P. Perez
260 _aManila
_bAteneo de MAnila University Press
_cc2009
300 _axvi, 186 pages;
_c25 cm.
500 _aIncludes index.
650 0 _9189
_aDevelopmental psychology
_xSocial aspects
_zPhilippines
650 0 _9190
_aChange (Psychology)
650 0 _9191
_aLearning, Psychology
700 _9188
_aPerez, Josephine P.
942 _2ddc
_cDFIL
999 _c135
_d135